Social aspects of road transport

Saved in:
Bibliographic Details
Format: Book
Language:English
Published: Paris ECMT 1999
Subjects:
Tags: Add Tag
No Tags, Be the first to tag this record!

MARC

LEADER 00000nam a2200000 4500
001 c120242
005 20221221083617.3
020 |a 92-821-1245-4 
041 0 |a eng 
044 |a FR 
245 1 0 |a Social aspects of road transport 
264 1 |a Paris  |b ECMT  |c 1999 
300 |a 168 s. 
610 2 0 |a doprava cestná 
610 2 0 |a potreby sociálne 
610 2 0 |a podmienky pracovné 
610 2 0 |a riadenie 
610 2 0 |a využitie počítačov 
610 2 0 |a spolupráca medzinárodná 
610 2 0 |a Európa 
610 2 0 |a ECMT